Tolkien's Universe Quiz #1 - Statistics

General Stats
  • This quiz has been taken 1,388 times
  • The average score is 13 of 20
Answer Stats
Hint Answer % Correct
Valar who sung out of harmony and became the First Dark Lord of Arda Melkor/Morgoth
91%
The island kingdom of the Dunedain Numenor
91%
The father of Aragorn Elessar Arathorn II
89%
"One Ring to bring them all and in the darkness..." Bind them
89%
"One Ring to rule them all, One Ring to..." Find them
83%
Father to Legolas Greenleaf, and King of the Wood-elves of Mirkwood Thranduil
83%
Considered greatest of the Noldor, creator of the Silmarils Feanor
82%
The One Ring was his bane Isildur
82%
Another name for the God of Tolkien's universe, known in Arda as Iluvatar Eru
81%
The Balrogs originated as these spirits that were lesser Ainur Maiar
72%
Before Barad-dur, Sauron took refuge in this stronghold Dol Guldur
69%
Unlike his brother, Elrond, this Elf counted himself among Men rather than Elves Elros Tar-Minyatur
69%
The second son of Finwe and half-brother to Feanor Fingolfin
67%
Mirkwood was once known by this name, before the Necromancer took residence Greenwood the Great
64%
The great falls of the River Anduin where it fell from the heights of Emyn Muil The Falls of Rauros
54%
The Hammer of the Underworld, and great mace of Morgoth Grond
52%
In the year 1434 by Shire-reckoning, this Hobbit inherited the title "Thrain of the Shire" Peregrin Took
51%
The Battle of Five Armies was fought between Men, Elves, Dwarves, Goblins and these Wild Wolves
31%
Sea to the east of Middle-earth, knows as the Great Sea Belegaer
22%
The land in the far-east of Middle-earth, where Men first awoke in the First Age Hildorien
12%
No matching quizzes found
Score Distribution
Percent of People with Each Score
Percentile by Number Answered
Your Score History
You have not taken this quiz